000
00270nam a2200109Ia 4500
008
190914s9999||||xx |||||||||||||| ||und||
100
_a
James C.Van Horne
245
0
_a
Financial Management and Policy
260
_a
India
_b
S. Chand
_c
1992
300
_a
544
942
_c
BK
999
_c
10143
_d
10143